000 00563nam a2200205Ia 4500
005 20250326141100.0
008 250326s9999 xx 000 0 und d
020 _a0-07-460208-X
037 _aTextbook
040 _aFMSL
_beng
_cFMSL
041 _aeng
_2eng
084 _aX:8Dy7 N2;6
_qFMSL
100 _aKhan M Y
245 0 _aFicial management text and problems
_cKhan M Y; Jain P K
250 _a2
260 _aNew Delhi
_bNew Delhi, Tata-McGraw Hill
_c1992
300 _a787p
942 _cTB
_hX:8Dy7 N2;6
999 _c1288620
_d1288620